[Event "Memorial Tal"]
[Site "Sochi"]
[Date "14.11.2014"]
[Round "22"]
[White "Grischuk,A"]
[Black "Kramnik,V"]
[Result "1-0"]
[WhiteElo "2795"]
[BlackElo "2760"]
[EventDate "2014.11.13"]

1. d4 Nf6 2. Bf4 c5 3. d5 d6 4. Nc3 g6 5. e4 Bg7 6. Nf3 O-O 7. Bd3 Bg4 8.
h3 Bxf3 9. Qxf3 Na6 10. Qd1 Nc7 11. O-O b5 12. a3 Rb8 13. Re1 a5 14. Qd2
Nd7 15. Bh6 b4 16. Bxg7 Kxg7 17. axb4 cxb4 18. Ne2 Nb5 19. Bxb5 Rxb5 20.
Nd4 Rc5 21. Nb3 Rb5 22. c4 bxc3 23. Qxc3+ Nf6 24. Nxa5 Qb6 25. Nc4 Qb7 26.
Re3 Rc8 27. b3 Kg8 28. Ra5 Rxa5 29. Qxa5 Nd7 30. Qe1 Nc5 31. Na5 Qc7 32.
Nc6 Ra8 33. b4 Nb7 34. Rc3 Qd7 35. Qe3 f6 36. Qb6 Kg7 37. Nd4 Rc8 38. Rc6
Nd8 39. b5 Nxc6 40. dxc6 Qe8 41. Qa5 Ra8 42. Qc3 e5 43. Nc2 Qb8 44. Qc4 Qb6
45. Ne3 Rb8 46. c7 Rc8 47. Nd5 Qa5 48. g3 f5 49. b6 Qe1+ 50. Kg2 Qb1 51.
Ne7 fxe4 52. Nxc8 e3 53. Nxd6 1-0